=LDR 00000nam 2200000 4500 =001 INLIS000000000004584 =005 20250805022242 =035 ##$$a 0010-0825000013 =007 ta =008 250805###########################0#ind## =020 ##$$a - =082 ##$$a 6.304.66006 =084 ##$$a 6.304.66006 GER =245 1#$$a GERAKAN KELUARGA BERENCANA NASIONAL PROPINSI DAERAH ISTIMEWA ACEH : $b - /$c Bkkbn Provinsi Banda Aceh =250 ##$$a pertama =260 ##$$a Banda Aceh :$b Bkkbn Provinsi Banda Aceh,$c 1990 =300 ##$$a 47 halaman : $b - ; $c 21 cm$e - =650 #4$$a Keluarga Berencana =110 #$$a C =856 ##$$a Perpustakaan BKKBN